| 000 | 01187nam a2200205Ia 4500 | ||
|---|---|---|---|
| 003 | Ost | ||
| 005 | 20260416102401.0 | ||
| 008 | 260416s9999||||xx |||||||||||||| ||und|| | ||
| 040 | _cfsecg | ||
| 041 | _aara | ||
| 082 | _a338.5 | ||
| 100 |
_aشنوف،حكيم _eمؤلف |
||
| 245 | 0 |
_aمحاضرات و دروس في الاقتصاد الجزئي 2 : _bمطبوعة موجهة لطلبة السنة الأولى جذع مشترك علوم اقتصادية ، علوم تجارية و علوم التسيير / _cحكيم شنوف |
|
| 260 |
_aالجزائر _bجامعة الجزائر3: كلية العلوم الإقتصادية، العلوم التجارية وعلوم التسيير _c2023 |
||
| 300 |
_a123 ورقة _bايضاحات _c12 سم |
||
| 520 | _aالإطار النظري للسوق،سوق المنافسة الكاملة،سوق الاحتكار التام،سوق المنافسة الاحتكارية،سوق احتكار القلة. | ||
| 653 | _aالاقتصاد الجزئي | ||
| 710 |
_aجامعة الجزائر3: كلية العلوم الإقتصادية، العلوم التجارية وعلوم التسيير _eناشر علمي |
||
| 942 | _cHANDOUT | ||
| 999 |
_c41436 _d41436 |
||